स्वातंत्र्योत्तर हिन्दी काव्य-धारा की मूल्य चेतना / (Record no. 43699)

MARC details
000 -LEADER
fixed length control field 01187nam a22002297a 4500
005 - DATE AND TIME OF LATEST TRANSACTION
control field 20100904111728.0
008 - FIXED-LENGTH DATA ELEMENTS--GENERAL INFORMATION
fixed length control field 100904t xxu||||| |||| 00| 0 hin d
010 ## - LCCN (DPL NO)
LC control number HIN-90357
020 ## - INTERNATIONAL STANDARD BOOK NUMBER
International Standard Book Number 9789380458052
Terms of availability 395.00
035 ## - SYSTEM CONTROL NUMBER
System control number HN-62703
037 ## - SOURCE OF ACQUISITION
Source of stock number/acquisition DBAD / PUB
040 ## - CATALOGING SOURCE
Original cataloging agency DPL
Language of cataloging HN
082 ## - DEWEY DECIMAL CLASSIFICATION NUMBER
Classification number 821.08
100 ## - MAIN ENTRY--PERSONAL NAME
Personal name सारस्वत, अर्पणा
9 (RLIN) 18244
245 ## - TITLE STATEMENT
Title स्वातंत्र्योत्तर हिन्दी काव्य-धारा की मूल्य चेतना /
Statement of responsibility, etc अर्पणा सारस्वत
246 ## - VARYING FORM OF TITLE
Title proper/short title Swatantryotar Hindi Kavya Dhara ki mulya chetna
Remainder of title by Aparna Saraswat
260 ## - PUBLICATION, DISTRIBUTION, ETC. (IMPRINT)
Place of publication, distribution, etc नई दिल्ली
Name of publisher, distributor, etc सामयिक बुक्स
Date of publication, distribution, etc 2010
270 ## - ADDRESS
Address 3320-21, जटवाड़ा, दरियागंज,एन.एस.मार्ग
City नई दिल्ली
Postal code 110002
300 ## - PHYSICAL DESCRIPTION
Extent 256पृ.
Dimensions 22सेमी (सजिल्द)
942 ## - ADDED ENTRY ELEMENTS (KOHA)
Source of classification or shelving scheme Dewey Decimal Classification
Item type Hindi Books
Classification part 821.08
Call number suffix सारस्व
Holdings
Withdrawn status Lost status Source of classification or shelving scheme Damaged status Not for loan Collection code Home library Current library Date acquired Source of acquisition Cost, normal purchase price Total Checkouts Full call number Barcode Date last seen Copy number Cost, replacement price Koha item type
    Dewey Decimal Classification   Not For Loan Non-fiction D.B.Act.Division D.B.Act.Division 04/09/2010 DBAD / PUB 395.00   821.08 सारस्व HN-62703 04/09/2010 1 395.00 Hindi Books

© Delhi Public Library
Hit Counter
free hit counter